00370nam a22001337a 4500003000400000005001700004007001000021008004100031020001800072040000600090082001700096245010600113260001700219OSt20260205105939.0674 pages260205b |||||||| |||| 00| 0 eng d a9781484252741 c  a005.133bSAR aText Analytics with Python:A practitioners guide to Natural Language processingbNLPcSarkar,Dipanjan bApressc2019